PM calls for Islamic finance transformation / (Record no. 9045)

MARC details
000 -LEADER
fixed length control field 01122nab a2200277u 4500
001 - CONTROL NUMBER
control field 11722
003 - CONTROL NUMBER IDENTIFIER
control field HDC
007 - PHYSICAL DESCRIPTION FIXED FIELD--GENERAL INFORMATION
fixed length control field c| |||a|c|aaaa
008 - FIXED-LENGTH DATA ELEMENTS--GENERAL INFORMATION
fixed length control field 210202b20120520my ||||| |||| 00| 0 may d
040 ## - CATALOGING SOURCE
Original cataloging agency HDC
100 ## - MAIN ENTRY--PERSONAL NAME
Personal name Tee, Lin Say,
Relator term author
9 (RLIN) 8504
245 #0 - TITLE STATEMENT
Title PM calls for Islamic finance transformation /
Statement of responsibility, etc. Tee Lin Say and Sharidan M. Ali
260 ## - PUBLICATION, DISTRIBUTION, ETC.
Place of publication, distribution, etc. Kuala Lumpur :
Name of publisher, distributor, etc. The New Straits Times Press (M) Bhd.,
Date of publication, distribution, etc. 2010
336 ## - CONTENT TYPE
Content type term text
Source rdacontent
337 ## - MEDIA TYPE
Media type term computer
Source rdamedia
338 ## - CARRIER TYPE
Carrier type term online resource
Source rdacarrier
650 ## - SUBJECT ADDED ENTRY--TOPICAL TERM
Topical term or geographic name entry element Islamic commerce
9 (RLIN) 12079
650 ## - SUBJECT ADDED ENTRY--TOPICAL TERM
Topical term or geographic name entry element Islamic finance
9 (RLIN) 181
700 ## - ADDED ENTRY--PERSONAL NAME
Personal name Sharidan M. Ali,,
Relator term author
9 (RLIN) 10667
710 ## - ADDED ENTRY--CORPORATE NAME
Corporate name or jurisdiction name as entry element The New Straits Times
Relator term issuing body
856 ## - ELECTRONIC LOCATION AND ACCESS
Public note Request full-text at [email protected]
856 ## - ELECTRONIC LOCATION AND ACCESS
Public note Request full-text at [email protected]
942 ## - ADDED ENTRY ELEMENTS (KOHA)
Source of classification or shelving scheme Library of Congress Classification
942 ## - ADDED ENTRY ELEMENTS (KOHA)
Koha item type Newspaper Articles
942 ## - ADDED ENTRY ELEMENTS (KOHA)
Call number prefix NWSC 000064
Holdings
Withdrawn status Lost status Source of classification or shelving scheme Damaged status Not for loan Home library Current library Shelving location Date acquired Total checkouts Full call number Date last seen Price effective from Koha item type
    Library of Congress Classification     Halal Development Corporation Library Halal Development Corporation Library Open Shelves 24/05/2023   NWSC 000064 24/05/2023 24/05/2023 Newspaper Articles
Halal Development Corporation Berhad (HDC)
5.02 Level 5, KPMG Tower, First Avenue, Persiaran Bandar Utama, 47800 Petaling Jaya, Selangor Darul Ehsan
Phone: +603 7965 5489 Email: [email protected]